000 00260nam a2200097Ia 4500
001 1075859
005 20250827002246.0
008 250824s9999 xx 000 0 und d
245 0 _aKARANTİNA GÜNLÜĞÜ
_cBİLAL KEMİKLİ
260 _bÇIRA EDEBİYAT YAYINLARI
999 _c1075859
_d1075859